| 000 | 00598nam a22001933a 4500 | ||
|---|---|---|---|
| 001 | 000000556 | ||
| 005 | 20230331063507.0 | ||
| 008 | 010406s1958 mx fr 000 0 spa d | ||
| 035 | _aUPN01000105767 | ||
| 049 | _aCG | ||
| 050 | 4 |
_aLB1778 _bL3.9 |
|
| 100 | 1 |
_aLarroyo, Francisco, _d1912-1981 _928491 |
|
| 245 | 1 | 0 |
_aVida y profesión del pedagogo / _cFrancisco Larroyo. |
| 260 |
_aMéxico : _bUNAM, Dirección General de Publicaciones, _c1958. |
||
| 300 | _a115 p. | ||
| 440 | 0 |
_aEdiciones filosofía y letras ; _v22 |
|
| 650 | 4 |
_aMaestros _xFormación profesional _zMéxico _9796 |
|
| 905 | _aLibro | ||
| 999 |
_c79680 _d79680 |
||